|
|
|
|
| LEADER |
00999cam a2200229 a 4500 |
| 008 |
110721s2011 nyua b 001 0 eng |
| 999 |
|
|
|c 116970
|d 116970
|
| 020 |
|
|
|a 9780128037256
|
| 082 |
0 |
0 |
|a 660.634 BIO
|
| 245 |
0 |
0 |
|a Biotechnology of microbial enzymes :
|c Edited by Goutam Brahmachari, Arnold L. Demain and Jose L. Adrio
|b production, biocatalysis and industrial applications /
|
| 260 |
|
|
|a Amsterdam :
|b Academic Press,
|c 2011
|
| 300 |
|
|
|a xx, 608p. ;
|b ill. ;
|c 22cm.
|
| 504 |
|
|
|a Includes bibliographical references and index.
|
| 650 |
1 |
2 |
|a Bacteria
|x enzymology.
|
| 650 |
2 |
2 |
|a Biotechnology.
|
| 700 |
1 |
|
|a Goutam Brahmachari
|e editor
|
| 700 |
1 |
|
|a Demain,Arnold L
|e editor
|
| 700 |
1 |
|
|a Adrio, Jose L
|e editor
|
| 942 |
|
|
|c BK
|
| 906 |
|
|
|a 7
|b cbc
|c orignew
|d 1
|e ecip
|f 20
|g y-gencatlg
|
| 955 |
|
|
|a xn05 2015-02-23 1 copy rec'd, to CIP ver.
|a rl00 2015-03-03 to SMA
|
| 952 |
|
|
|0 0
|1 0
|4 0
|6 660_634000000000000_BIO
|7 0
|9 125958
|a UL
|b UL
|c ST1
|d 2017-12-08
|e 176
|g 7203.60
|l 0
|o 660.634 BIO
|p 98416
|r 2017-12-08
|v 10005.00
|y BK
|